Tiempos y formas no personales del verbo

Saved in:
Bibliografiske detaljer
Hovedforfatter: Porto Dapena, José Alvaro (autor)
Format: Bog
Sprog:spansk
Udgivet: Madrid Arco Libros 1989
Serier:Español para Extranjeros. Serie Monográfica
Fag:
Tags: Tilføj Tag
Ingen Tags, Vær først til at tagge denne postø!

MARC

LEADER 00000nam a2200000 a 4500
001 UCL0434
003 CL-VaPUC
008 030711e19890000SP |||||||||||||||||spa|d
020 |a 84*7635052X 
082 0 4 |a 461.5  |b POR  |2 21 
100 |a Porto Dapena, José Alvaro  |e autor  |9 477119 
245 1 0 |a Tiempos y formas no personales del verbo 
300 |a 270 p 
942 |c BK 
945 |d 20030711 00:00:00  |a cmena 
260 |a Madrid  |b Arco Libros  |c 1989 
650 7 |a LENGUAJE ESPAÑOL  |2 CL-VaPUC  |9 477120 
650 0 |a Verbos  |9 310738 
650 0 |a Gramática española  |9 403055 
583 |a last modification  |c 20030711 00:00:00  |k Rodrigo Vera 
490 0 |a Español para Extranjeros. Serie Monográfica 
999 |c 304306  |d 304304 
952 |0 0  |1 0  |4 0  |6 461_500000000000000_POR_1989  |7 0  |8 A  |9 366305  |a FDOPOS  |b FDOPOS  |d 2019-11-21  |i 3920658  |o 461.5 POR 1989  |p 3920658  |r 2025-01-22  |w 2019-11-21  |y BK  |k MLA